000 nam a22 7a 4500
999 _c11574
_d11572
008 181019b xxu||||| |||| 00| 0 eng d
022 _aTOEM3602
_bBACHELOR OF SCIENCE EXAMINATION
_cHOSPITALITY AND TOURISM MANAGEMENT
_dTHREE
245 _aARTISTE MANAGEMENT EXAMINATION DECEMBER 2013
_cCCCJ
260 _aKINGSTON JAMAICA
_bCCCJ
_c2018
856 _uhttp://wplrc.ecc.edu.jm/cgi-bin/koha/opac-retrieve-file.pl?id=e7708d34af76ff11c79d659f1a538d16
942 _cPP